Sports Quiz

Random Sports or WWE Quiz

The Undertakers team mates at WWE Survivor Series Quiz Stats

 Plays Quiz not verified by Sporcle

Challenge
Share
Tweet
Embed
Score 0/14 Timer 02:00
0 Plays Today
Hint Answer % Correct
2001Kane
94.5%
2015Kane
94.5%
2001The Rock
81.7%
1990Ted Dibiase
80.8%
2001Chris Jericho
75.3%
2001Big Show
73.1%
1993Lex Luger
62.1%
Hint Answer % Correct
1993Rick Steiner
57.5%
1993Scott Steiner
57.1%
1990Greg Valentine
49.3%
1990Honky Tonk Man
47.9%
1995Savio Vega
40.6%
1995Fatu
38.8%
1995Henry O Godwinn
34.7%

You're not logged in!

Compare scores with friends on all Sporcle quizzes.
OR
Log In

You Might Also Like...

Show Comments

Extras

Top Quizzes Today


Score Distribution

Your Account Isn't Verified!

In order to create a playlist on Sporcle, you need to verify the email address you used during registration. Go to your Sporcle Settings to finish the process.

Report this User

Report this user for behavior that violates our Community Guidelines.

Details: